000 00351nam a2200145Ia 4500
005 20260328104328.0
008 260328s9999||||xx |||||||||||||| ||und||
100 _aGoodman, Robert
245 0 _aDespués de los Urbanistas ¿Qué? /
_cRobert Goodman
250 _a1a ed.
260 _bBlume
300 _a235 p.
650 _aURBANISMO
942 _cBK
999 _c11587
_d11587